000 00456nmm a2200157Ia 4500
008 251105s9999||||xx |||||||||||||||||und||
020 _a9791021304796
041 _aspa
100 _aCastelar, Emilio
245 0 _aObras de Emilio Castelar
264 _a[París, Francia] :
_bEdiciones la Biblioteca Digital,
_c2012
300 _a1111 páginas
650 _aSpanish literature
856 _uhttps://public.digitaliapublishing.com/a/26243
942 _cCF
999 _c97998
_d97998